NBA Active Top 50: playoff field goal % - Statistics

General Stats
  • This quiz has been taken 9 times
  • The average score is 30 of 50
Answer Stats
Team Player FG% % Correct
LAL LeBron James 49.57
100%
UTA Rudy Gobert 64.03
100%
OKC Al Horford 50.11
86%
CLE Andre Drummond 48.15
86%
LAL Anthony Davis 55.08
86%
MIL Brook Lopez 48.69
86%
ATL Clint Capela 60.63
86%
BKN DeAndre Jordan 66.23
86%
IND Domantas Sabonis 51.06
86%
PHI Dwight Howard 59.06
86%
MIN Ed Davis 50
86%
MIL Giannis Antetokounmpo 51.44
86%
DEN JaMychal Green 52.53
86%
MEM Jonas Valanciunas 55.70
86%
LAC Kawhi Leonard 50.36
86%
MIA Meyers Leonard 55.24
86%
WAS Robin Lopez 55.67
86%
NOP Steven Adams 62.65
86%
MIA Bam Adebayo 55.74
71%
CHA Bismack Biyombo 58.11
71%
DET Blake Griffin 49.04
71%
DAL Boban Marjanovic 59.76
71%
CLE Larry Nance 68.33
71%
DAL Luka Doncic 50
71%
IND Myles Turner 50
71%
PHI Ben Simmons 55.19
57%
BOS Daniel Theis 50.38
57%
LAC Ivica Zubac 55.21
57%
SAS Jakob Poeltl 57.69
57%
CLE Jarrett Allen 58.93
57%
CLE JaVale McGee 61.21
57%
GSW Kevon Looney 62.42
57%
BOS Tristan Thompson 56.42
57%
UTA Derrick Favors 57.43
43%
SAS Derrick White 54.32
43%
MIA Kelly Olynyk 48.25
43%
DEN Nikola Jokic 51.32
43%
TOR OG Anunoby 49.29
43%
LAC Serge Ibaka 50.19
43%
MIA Udonis Haslem 48.05
43%
TOR Aron Baynes 49.67
29%
SAC Hassan Whiteside 61.06
29%
MEM Kyle Anderson 51.38
29%
LAL Montrezl Harrell 62.91
29%
BKN Tyler Johnson 48.19
29%
POR Enes Kanter 51.44
14%
CHI Otto Porter 48.96
14%
NYK Taj Gibson 51.46
14%
CLE Taurean Prince 55.77
14%
IND T.J. McConnell 56.34
0%
No matching quizzes found
Score Distribution
Percent of People with Each Score
Percentile by Number Answered
Your Score History
You have not taken this quiz